[Event "Michigan Junior"]
[Site "Flint, MI"]
[Date "1997.03.16"]
[Round "5.10"]
[White "Boyle, John"]
[Black "Arenson, Kevin"]
[Result "0-1"]
[WhiteElo "1449"]
[BlackElo "1108"]
[PlyCount "55"]
[EventDate "1997.03.15"]

1. d4 d5 2. Bg5 Nc6 3. e3 f6 4. Bh4 e5 5. dxe5 Nxe5 6. Nf3 Be7 7. Nbd2 c6 8. c4
Be6 9. cxd5 Qxd5 10. Nxe5 fxe5 11. Bxe7 Nxe7 12. e4 Qd7 13. Qc2 O-O 14. Be2
Rad8 15. Rd1 Ng6 16. O-O Qe7 17. a3 Nf4 18. Bc4 Kh8 19. Nf3 Bg4 20. Qc3 Nh3+
21. Kh1 Rxd1 22. Rxd1 Nxf2+ 23. Kg1 Nxd1 24. Qc1 Bxf3 25. gxf3 Qc5+ 26. Kh1 Rd8
27. Qg5 Qf8 28. Bf7 {Remainder illegible, 52?} 0-1

[Event "Junior Sponsors"]
[Site "Flint, Mich."]
[Date "1997.03.16"]
[Round "2"]
[White "Belill, Mike"]
[Black "Moody, David"]
[Result "0-1"]
[WhiteElo "1486"]
[BlackElo "2024"]
[PlyCount "76"]
[EventDate "1997.03.16"]

1. e4 e5 2. Nf3 Nc6 3. d4 exd4 4. Bc4 Nf6 5. O-O Bc5 6. e5 d5 7. exf6 dxc4 8.
Re1+ Be6 9. fxg7 Rg8 10. Bg5 Qd5 11. Bf6 Qf5 12. Bxd4 O-O-O 13. c3 Nxd4 14.
cxd4 Rxg7 15. Nc3 Qh3 16. g3 Bg4 17. Qe2 Bxd4 18. Rad1 Rgg8 19. Qe4 Rge8 20.
Qxe8 Rxe8 21. Rxe8+ Kd7 22. Re3 c5 23. Ne5+ Kc8 24. Nxg4 Qxg4 25. Re8+ Kc7 26.
Rde1 Qf3 27. R8e7+ Kc6 28. R1e2 h5 29. h4 Qxg3+ 30. Kf1 Qxh4 31. Ke1 Bxf2+ 32.
Kd1 Qf4 33. R7e4 Qf3 34. Kc1 Bd4 35. Nd1 h4 36. Re8 h3 37. Rc8+ Kb6 38. b4 Qxe2
0-1

[Event "Michigan Junior"]
[Site "Flint, MI"]
[Date "1997.03.16"]
[Round "4.2"]
[White "Ashton, Jeff"]
[Black "Mankiewicz, Ryan"]
[Result "1-0"]
[WhiteElo "2009"]
[BlackElo "2008"]
[PlyCount "59"]
[EventDate "1997.03.15"]

1. d4 Nf6 2. c4 c5 3. Nf3 cxd4 4. Nxd4 e5 5. Nb5 Bc5 6. Nd6+ Ke7 7. Nxc8+ Qxc8
8. a3 Rd8 9. Bg5 Qc6 10. Nc3 Kf8 11. e3 Be7 12. Bxf6 Bxf6 13. Be2 e4 14. Qc2
Bxc3+ 15. Qxc3 Na6 16. Rd1 Rac8 17. Qd4 b6 18. O-O Nc5 19. f3 exf3 20. Bxf3 Qg6
21. Qd5 Qe6 22. Qd4 Nb3 23. Qc3 Nc5 24. Bd5 Qh6 25. Rxf7+ Ke8 26. Rdf1 Ne6 27.
Qe5 Qg6 28. Bxe6 Qxe6 29. Rf8+ Ke7 30. R1f7# 1-0

[Event "Michigan Junior"]
[Site "Flint, MI"]
[Date "1997.03.16"]
[Round "5.5"]
[White "Aldrich, Justin"]
[Black "Nolan, Brian"]
[Result "1-0"]
[WhiteElo "1653"]
[BlackElo "1419"]
[PlyCount "91"]
[EventDate "1997.03.15"]

1. e4 c5 2. Nf3 d6 3. c3 Nf6 4. d3 g6 5. Bg5 Bg7 6. Nbd2 Nc6 7. Be2 O-O 8. O-O
Bg4 9. h3 Bxf3 10. Nxf3 Qb6 11. Qc2 Rac8 12. Rab1 h6 13. Be3 Qa5 14. a3 Qc7 15.
Nh2 Ne5 16. f4 Ned7 17. Ng4 Nxg4 18. Bxg4 h5 19. Bxd7 Qxd7 20. f5 e6 21. f6 Bh8
22. Rf3 e5 23. Qf2 b6 24. Qh4 d5 25. Rbf1 Rc6 26. g4 hxg4 27. hxg4 Rfc8 28. g5
dxe4 29. Rh3 Qxh3 30. Qxh3 exd3 31. Rf2 Rd8 32. Rh2 Bg7 33. Qh7+ Kf8 34. Qxg7+
Ke8 35. Rh8+ Kd7 36. Qxf7+ Kc8 37. Rxd8+ Kxd8 38. Qe7+ Kc8 39. f7 Rc7 40. f8=Q+
Kb7 41. Qxe5 c4 42. Qd5+ Ka6 43. a4 Rc5 44. Bxc5 bxc5 45. Qdxc5 Kb7 46. Qfc8#
1-0

[Event "Lansing April Mini-Swiss.1"]
[Site "?"]
[Date "1997.04.06"]
[Round "2"]
[White "Garrison, Ray"]
[Black "Aldrich, Jeff"]
[Result "1-0"]
[WhiteElo "1917"]
[BlackElo "2065"]
[PlyCount "97"]
[EventDate "1997.??.??"]

1. e4 c6 2. Nc3 d5 3. Qf3 d4 4. Bc4 Nh6 5. Nce2 b5 6. Bxb5 cxb5 7. e5 Qc7 8.
Qxa8 Bb7 9. Qxa7 e6 10. Qxd4 Bxg2 11. Ng3 Bc5 12. Qf4 Qc6 13. d4 Be7 14. f3
Qxc2 15. Qd2 Qxd2+ 16. Bxd2 Bxh1 17. Bxh6 gxh6 18. Nxh1 Nc6 19. Ne2 Nb4 20. Kd2
Kd7 21. Nc3 Bg5+ 22. Ke2 Rb8 23. Rg1 Nc6 24. Kd3 Ke7 25. Nf2 b4 26. Ne2 Kf8 27.
Ne4 Be7 28. Rc1 Na7 29. Nf4 Rc8 30. Rxc8+ Nxc8 31. d5 exd5 32. Nxd5 Kg7 33.
Nxe7 Nxe7 34. Kc4 Nc6 35. Kc5 Nxe5 36. Kxb4 Nxf3 37. a4 f5 38. Nd6 Nd4 39. Kc5
Ne6+ 40. Kb6 f4 41. a5 Ng5 42. a6 f3 43. a7 f2 44. Nf5+ Kf6 45. Ne3 Nf3 46.
a8=Q Nxh2 47. Qg2 f1=Q 48. Nxf1 Nxf1 49. Qxf1+ 1-0

[Event "Lansing April Mini-Swiss.1"]
[Site "?"]
[Date "1997.04.06"]
[Round "3"]
[White "Aldrich, Jeff"]
[Black "Triplett, Thomas"]
[Result "0-1"]
[WhiteElo "2065"]
[BlackElo "1865"]
[PlyCount "106"]
[EventDate "1997.??.??"]

1. d4 Nf6 2. c4 g6 3. Nc3 Bg7 4. e4 d6 5. f3 O-O 6. Be3 e5 7. d5 a6 8. Qd2 b5
9. cxb5 Nbd7 10. Nh3 axb5 11. Bxb5 Ba6 12. Bxa6 Rxa6 13. Nf2 Nb6 14. b3 Nh5 15.
Nd3 f5 16. Bg5 Qd7 17. Nb4 Raa8 18. Rc1 Nf4 19. Nc6 fxe4 20. fxe4 Qg4 21. Bxf4
Rxf4 22. Qe2 Qd7 23. g3 Rf7 24. Rf1 Raf8 25. Rxf7 Rxf7 26. Rc2 Bh6 27. Nd1 Qh3
28. Nd8 Re7 29. Ne6 Rf7 30. Nxc7 Nd7 31. Ne6 Nc5 32. Nxc5 dxc5 33. Rxc5 Bf8 34.
Rc4 Bh6 35. b4 Qd7 36. Nf2 Qa7 37. Rc3 Qd4 38. Qc2 Rxf2 39. Rc8+ Rf8 40. Rxf8+
Bxf8 41. a3 Qg1+ 42. Ke2 Qxh2+ 43. Kd1 Qxg3 44. Qc8 Qd3+ 45. Kc1 Qxa3+ 46. Kc2
Qa4+ 47. Kc1 Qxb4 48. Qe6+ Kh8 49. Qxe5+ Bg7 50. Qe8+ Qf8 51. Qe6 Qg8 52. Qc6
h5 53. Qxg6 Bb2+ 0-1

[Event "Lansing April Mini-Swiss.1"]
[Site "?"]
[Date "1997.04.06"]
[Round "1"]
[White "Aldrich, Jeff"]
[Black "June, Brian"]
[Result "1-0"]
[WhiteElo "2065"]
[BlackElo "1808"]
[PlyCount "53"]
[EventDate "1997.??.??"]

1. d4 d5 2. c4 c6 3. Nc3 Nf6 4. Nf3 Bf5 5. Qb3 Qb6 6. c5 Qc7 7. g3 Nbd7 8. Bf4
Qc8 9. Bg2 Nh5 10. Bd2 e5 11. Nxe5 Nxe5 12. dxe5 Bxc5 13. e4 dxe4 14. Nxe4 Bxe4
15. Bxe4 O-O 16. Qc2 f5 17. Bf3 Bxf2+ 18. Kxf2 Qe8 19. Qc4+ Kh8 20. Rae1 Rd8
21. Bc3 Qg6 22. Qh4 f4 23. g4 Rd3 24. Be4 Qe6 25. Bxd3 Qd5 26. Be4 Qc5+ 27. Kf3
1-0

[Event "Lansing Mini-Swiss (May)"]
[Site "Lansing, Mich."]
[Date "1997.05.04"]
[Round "1"]
[White "Noren, Kevin"]
[Black "Moody, David"]
[Result "1-0"]
[WhiteElo "2290"]
[BlackElo "2012"]
[PlyCount "37"]
[EventDate "1997.05.04"]

1. e4 e5 2. f4 d5 3. exd5 e4 4. d3 Nf6 5. dxe4 Nxe4 6. Nf3 Bc5 7. Qe2 Bf5 8.
Nc3 Qe7 9. Be3 Nxc3 10. Bxc5 Nxe2 11. Bxe7 Nxf4 12. Ba3 Nd7 13. O-O-O O-O-O 14.
Rd4 Ng6 15. g4 c5 16. dxc6 Nde5 17. Rxd8+ Rxd8 18. Nxe5 Be4 19. Nxf7 1-0

[Event "Lansing Mini-Swiss (May)"]
[Site "Lansing, Mich."]
[Date "1997.05.04"]
[Round "2"]
[White "Moody, David"]
[Black "Garrison, Ray"]
[Result "0-1"]
[WhiteElo "2012"]
[BlackElo "1953"]
[PlyCount "30"]
[EventDate "1997.05.04"]

1. e4 d5 2. Nc3 c6 3. d4 dxe4 4. Bc4 Nf6 5. f3 e5 6. Bg5 Qxd4 7. Qe2 Bb4 8. Rd1
Bxc3+ 9. Kf1 Qc5 10. bxc3 b5 11. Bb3 a5 12. Qxe4 a4 13. Bxf6 gxf6 14. Bd5 cxd5
15. Rxd5 Qc4+ 0-1

[Event "Lansing Mini-Swiss (May)"]
[Site "Lansing, Mich."]
[Date "1997.05.04"]
[Round "3"]
[White "Mankiewicz, Ryan"]
[Black "Moody, David"]
[Result "0-1"]
[WhiteElo "2075"]
[BlackElo "2012"]
[PlyCount "124"]
[EventDate "1997.05.04"]

1. d4 Nf6 2. Nf3 g6 3. c4 Bg7 4. Nc3 O-O 5. e4 d6 6. Be2 e5 7. Bg5 exd4 8. Nxd4
c6 9. O-O Qa5 10. Bf4 Re8 11. Nb3 Qb6 12. Qxd6 Na6 13. Na4 Qb4 14. Qxb4 Nxb4
15. f3 Nh5 16. Bd2 Nc2 17. Rac1 Nd4 18. Bd1 b5 19. cxb5 cxb5 20. Nc3 Ba6 21.
Re1 Bb7 22. Na5 Rab8 23. g4 b4 24. Na4 Nf6 25. Bf4 Ba6 26. Bxb8 Rxb8 27. Nc5
Bb5 28. Nab3 Nxb3 29. Nxb3 Nd7 30. Rc2 Ne5 31. Nc1 Rd8 32. Kg2 Nc4 33. Kg3 Be5+
34. f4 Bxb2 35. Be2 Bc3 36. Rh1 Na3 37. Rxc3 bxc3 38. Bxb5 Nxb5 39. Nb3 Rd3+
40. Kf2 Nd4 41. Nxd4 Rxd4 42. Ke3 Rd2 43. a4 Ra2 44. Rc1 Rxh2 45. Rxc3 Rh3+ 46.
Kd4 Rxc3 47. Kxc3 h5 48. gxh5 gxh5 49. Kd3 Kf8 50. Ke3 Ke7 51. Kf3 Kd6 52. Kg3
Kc5 53. Kh4 Kd4 54. Kxh5 Kxe4 55. Kg4 f5+ 56. Kg3 a5 57. Kg2 Kxf4 58. Kf2 Ke4
59. Ke2 Kd4 60. Kf3 Kc4 61. Kf4 Kb4 62. Kxf5 Kxa4 0-1

[Event "Ann Arbor Month Long Swiss"]
[Site "Ann Arbor, MI"]
[Date "1997.05.07"]
[Round "1.4"]
[White "Schulte, Michael"]
[Black "Smalec, Joseph"]
[Result "1-0"]
[WhiteElo "1532"]
[BlackElo "1075"]
[PlyCount "59"]
[EventDate "1997.05.07"]

1. d4 d5 2. Nf3 Nc6 3. Bf4 Nf6 4. Nbd2 Bf5 5. c3 e6 6. e3 Bd6 7. Bxd6 Qxd6 8.
Nh4 Bg4 9. Qc2 Qe7 10. Bd3 e5 11. Nf5 Qf8 12. dxe5 Nxe5 13. Qa4+ c6 14. Bc2
Bxf5 15. Bxf5 g6 16. Bc2 Qh6 17. Qd4 Neg4 18. O-O-O O-O 19. Rdf1 Rfe8 20. h3
Ne5 21. Kb1 b5 22. e4 c5 23. Qe3 Qxe3 24. fxe3 a5 25. Rxf6 dxe4 26. Bxe4 Rad8
27. Nf3 Nd7 28. Rf4 Kh8 29. Rd1 g5 30. Nxg5 1-0

[Event "Ann Arbor Month Long Swiss"]
[Site "Ann Arbor, MI"]
[Date "1997.05.07"]
[Round "1.2"]
[White "McCarter, Robert"]
[Black "King, Billy"]
[Result "0-1"]
[WhiteElo "1657"]
[BlackElo "1409"]
[PlyCount "116"]
[EventDate "1997.05.07"]

1. d4 Nf6 2. Nf3 d5 3. Bf4 e6 4. e3 c5 5. c3 Nc6 6. Nbd2 Be7 7. Bd3 a6 8. Ne5
O-O 9. Qe2 h6 10. Ndf3 Na7 11. a4 c4 12. Bc2 b5 13. axb5 axb5 14. Nc6 Qd7 15.
Nxe7+ Qxe7 16. Ne5 Bb7 17. O-O b4 18. cxb4 Qxb4 19. Ra4 Qb6 20. Rfa1 Nc6 21.
Nxc6 Bxc6 22. Rxa8 Rxa8 23. Rxa8+ Bxa8 24. h3 Kf8 25. Bd1 Qb4 26. Qc2 Bc6 27.
Be5 Nd7 28. Bg3 Nb6 29. b3 Ke7 30. Bc7 Nd7 31. bxc4 dxc4 32. Kh2 Nf6 33. Be5
Be4 34. Qa2 c3 35. Qa7+ Nd7 36. Ba4 Qb7 37. Qxb7 Bxb7 38. Bc2 Nxe5 39. dxe5 Kd7
40. Kg3 Kc6 41. e4 Kc5 42. f3 Kd4 43. Kf2 Ba6 44. Ke1 Kxe5 45. Ba4 Bd3 46. g3
Kd4 47. Kd1 Ke3 48. Be8 f6 49. Bh5 Kf2 50. Bf7 Kxf3 51. Bxe6 Kxg3 52. Bf5 Kf4
53. h4 Bxe4 54. Be6 g5 55. hxg5 fxg5 56. Ke1 g4 57. Ke2 g3 58. Bd7 c2 0-1

[Event "Ann Arbor Month Long Swiss"]
[Site "Ann Arbor, MI"]
[Date "1997.05.07"]
[Round "1.6"]
[White "King, Edwin"]
[Black "Pauley, Bill"]
[Result "1-0"]
[WhiteElo "1570"]
[BlackElo "998"]
[PlyCount "79"]
[EventDate "1997.05.07"]

1. d4 f5 2. c4 Nf6 3. Nc3 b6 4. Nf3 Bb7 5. g3 e6 6. Bg2 c5 7. O-O d5 8. Bg5 h6
9. Bxf6 Qxf6 10. cxd5 cxd4 11. Qxd4 Qxd4 12. Nxd4 exd5 13. Nxd5 Kd7 14. Nf6+
gxf6 15. Bxb7 Bc5 16. Bxa8 Rd8 17. Rfd1 Bxd4 18. Rxd4+ Ke8 19. Rxd8+ Kxd8 20.
Rd1+ Kc7 21. Rc1+ Kd7 22. Bb7 Ke7 23. Bc8 Kd8 24. Bxf5 Ke7 25. Rc7+ Kd6 26.
Rxa7 Kc5 27. Ra8 Nc6 28. Rc8 b5 29. Bd7 Kb6 30. Rxc6+ Ka5 31. a3 Ka4 32. Be6 b4
33. Rc4 Kb3 34. Rxb4+ Kc2 35. Kf1 f5 36. Bxf5+ Kd2 37. Rc4 h5 38. b4 h4 39. b5
hxg3 40. hxg3 1-0

[Event "Ann Arbor Month Long Swiss"]
[Site "Ann Arbor, MI"]
[Date "1997.05.07"]
[Round "1.1"]
[White "Dolin, Jack"]
[Black "Drysdale, Gilbert"]
[Result "0-1"]
[WhiteElo "1339"]
[BlackElo "1885"]
[PlyCount "84"]
[EventDate "1997.05.07"]

1. d4 Nf6 2. Nf3 g6 3. Bg5 Bg7 4. Qc1 h6 5. Bf4 g5 6. Bg3 c5 7. e3 Nc6 8. Bc4
d5 9. Bb3 c4 10. Ba4 Qa5+ 11. Nc3 Ne4 12. Bxc6+ bxc6 13. O-O Nxg3 14. fxg3 O-O
15. Ne5 Bb7 16. Qd1 Qc7 17. Nf3 c5 18. Nb5 Qb6 19. a4 a6 20. dxc5 Qxc5 21. Nbd4
Bc8 22. c3 e5 23. Nc2 Rb8 24. Qc1 a5 25. Na3 Bd7 26. Nc2 Qb6 27. Qd2 Bc6 28.
Ra2 Rb7 29. Rb1 f5 30. Na3 f4 31. gxf4 gxf4 32. Re1 fxe3 33. Qxe3 Qxe3+ 34.
Rxe3 d4 35. cxd4 exd4 36. Re1 Bd5 37. Nb5 c3 38. Ra3 cxb2 39. Nd2 Rc8 40. Nb1
Rc1 41. Rf1 Rf7 42. Nd2 b1=Q 0-1

[Event "Ann Arbor Month Long Swiss"]
[Site "Ann Arbor, MI"]
[Date "1997.05.07"]
[Round "1.5"]
[White "Curtis, Dave"]
[Black "King, Kenny"]
[Result "0-1"]
[WhiteElo "1149"]
[BlackElo "1601"]
[PlyCount "104"]
[EventDate "1997.05.07"]

1. e4 e6 2. d4 d5 3. Nc3 Nf6 4. Bg5 Be7 5. exd5 exd5 6. h3 Bf5 7. Bd3 Bxd3 8.
Qxd3 Nc6 9. O-O-O O-O 10. Nf3 Nb4 11. Qd2 a5 12. a3 Na6 13. Rhe1 c6 14. Re2 Re8
15. Rde1 Nc7 16. Kb1 Ne6 17. Bxf6 Bxf6 18. Ne5 Bg5 19. Qd3 Nc7 20. Qf3 Qf6 21.
Qxf6 Bxf6 22. Nf3 Rxe2 23. Nxe2 Re8 24. Nfg1 Bxd4 25. Rd1 Bxf2 26. c4 f5 27.
cxd5 Nxd5 28. Rf1 Bxg1 29. Nxg1 Ne3 30. Re1 Kf7 31. g4 f4 32. Nf3 h6 33. Nh4 g5
34. Nf3 c5 35. Ka2 a4 36. Rc1 b6 37. b3 axb3+ 38. Kxb3 Ng2 39. Rc4 Re3+ 40. Rc3
Rxc3+ 41. Kxc3 Ke6 42. Kc4 Nh4 43. Nd2 Kd6 44. a4 Kc6 45. Ne4 Ng6 46. Kc3 Ne5
47. Nf2 Kd5 48. Kc2 Kd4 49. Kb3 Nd3 50. Nd1 f3 51. Kc2 f2 52. Nxf2 Nxf2 0-1

[Event "Ann Arbor Month Long Swiss"]
[Site "Ann Arbor, MI"]
[Date "1997.05.07"]
[Round "1.3"]
[White "Cooper, Stephen"]
[Black "Scioly, Tony"]
[Result "1/2-1/2"]
[WhiteElo "1281"]
[BlackElo "1534"]
[PlyCount "133"]
[EventDate "1997.05.07"]

1. d4 Nf6 2. c4 e6 3. Nc3 Bb4 4. a3 Bxc3+ 5. bxc3 O-O 6. e3 c5 7. Bd3 Nc6 8.
Ne2 b6 9. O-O Bb7 10. f3 Qc7 11. Qc2 Ne7 12. e4 h6 13. Bf4 Qd8 14. d5 d6 15. h3
e5 16. Bh2 Ng6 17. f4 Nh5 18. f5 Ne7 19. Qd2 Kh8 20. g4 Nf6 21. Rf2 Nh7 22. Kf1
Ng8 23. Qe3 Ngf6 24. Bg3 Ng5 25. Bh4 Nfh7 26. Rh2 Qd7 27. Bxg5 Nxg5 28. h4 Nh7
29. Kg2 Qe7 30. Rf1 Nf6 31. Qf3 Nh7 32. Kh1 Kg8 33. Rg1 f6 34. Qg3 Rf7 35. Rgg2
Bc8 36. Ng1 Bd7 37. Nf3 a6 38. Rg1 b5 39. Rhg2 Rb8 40. cxb5 Bxb5 41. c4 Ba4 42.
g5 fxg5 43. hxg5 hxg5 44. Nxg5 Nxg5 45. Qxg5 Qxg5 46. Rxg5 Rb3 47. Bc2 Rxa3 48.
Bxa4 Rxa4 49. Rc1 a5 50. Rgg1 Rb4 51. Rg2 a4 52. Ra1 Ra7 53. Rc2 Kf7 54. Kg2 a3
55. Rca2 Rb2+ 56. Kf3 Rxa2 57. Rxa2 Kf6 58. Kg4 Ra4 59. Kf3 g6 60. fxg6 Kxg6
61. Kf2 Kh5 62. Kf3 Kg5 63. Rg2+ Kf6 64. Ra2 Ke7 65. Ke3 Ra8 66. Kf3 Rh8 67.
Kg3 1/2-1/2

[Event "Ann Arbor Month Long Swiss"]
[Site "Ann Arbor, MI"]
[Date "1997.05.14"]
[Round "2.4"]
[White "Solon, Nathan"]
[Black "Scioly, Tony"]
[Result "1-0"]
[WhiteElo "1848"]
[BlackElo "1534"]
[PlyCount "63"]
[EventDate "1997.05.07"]

1. e4 c5 2. Nf3 d6 3. d4 cxd4 4. Nxd4 Nf6 5. Nc3 g6 6. Be3 Ng4 7. Bb5+ Nc6 8.
Nxc6 bxc6 9. Bxc6+ Bd7 10. Bxa8 Nxe3 11. fxe3 Qxa8 12. O-O Bh6 13. Qf3 O-O 14.
Nd5 Qd8 15. Rad1 Bg7 16. b4 h5 17. h3 Be5 18. c4 f6 19. Nf4 Kh7 20. Nd3 Qc8 21.
Nxe5 dxe5 22. c5 Bc6 23. g4 hxg4 24. hxg4 Qb7 25. Rf2 Rh8 26. Rh2+ Kg8 27.
Rxh8+ Kxh8 28. Rd8+ Kg7 29. Qh3 f5 30. Qh8+ Kf7 31. Qg8+ Kf6 32. gxf5 1-0

[Event "Ann Arbor Month Long Swiss"]
[Site "Ann Arbor, MI"]
[Date "1997.05.14"]
[Round "2.8"]
[White "Pauley, Bill"]
[Black "Kuczek, Kevin"]
[Result "0-1"]
[WhiteElo "998"]
[BlackElo "1258"]
[PlyCount "72"]
[EventDate "1997.05.07"]

1. c4 e5 2. e4 Nf6 3. Nc3 Bb4 4. Nf3 Nc6 5. a3 Bxc3 6. bxc3 Nxe4 7. Qe2 Ng5 8.
Nxe5 Nxe5 9. Qxe5+ Qe7 10. Qxe7+ Kxe7 11. f4 Ne6 12. d4 Re8 13. Be2 Kf8 14. Ra2
f5 15. a4 a5 16. O-O d6 17. Re1 Bd7 18. g3 Re7 19. Be3 Rae8 20. d5 Nc5 21. Bxc5
dxc5 22. Raa1 Rxe2 23. Rxe2 Rxe2 24. h4 Re3 25. Rd1 Rxg3+ 26. Kf2 Rg6 27. Rb1
b6 28. Ra1 c6 29. dxc6 Bxc6 30. Ke3 Rh6 31. Rd1 Ke7 32. Re1 Re6+ 33. Kf2 Rxe1
34. Kxe1 Bxa4 35. Kd2 Bb3 36. Kc1 Bxc4 0-1

[Event "Ann Arbor Month Long Swiss"]
[Site "Ann Arbor, MI"]
[Date "1997.05.14"]
[Round "2.3"]
[White "King, Kenny"]
[Black "Pecot, Dave"]
[Result "1-0"]
[WhiteElo "1601"]
[BlackElo "1382"]
[PlyCount "80"]
[EventDate "1997.05.07"]

1. d4 e5 2. dxe5 d6 3. Nf3 Bg4 4. e4 Nd7 5. exd6 Bxd6 6. Be2 Qe7 7. Nfd2 Be6 8.
c4 O-O-O 9. Nc3 Bb4 10. Nd5 Bxd5 11. exd5 Re8 12. a3 Bc5 13. Nf3 Ngf6 14. Bg5
Bxf2+ 15. Kf1 Be3 16. Bxe3 Qxe3 17. Qd2 Ng4 18. Bd3 Qxd2 19. Nxd2 f5 20. Nf3
Nc5 21. Bxf5+ Kd8 22. Bxg4 h5 23. Bh3 Rhf8 24. Re1 g5 25. Rxe8+ Kxe8 26. Ke2 g4
27. Bxg4 hxg4 28. Ne5 Rf4 29. Re1 Re4+ 30. Kd2 Nb3+ 31. Kd1 Rd4+ 32. Kc2 Nc5
33. Nd3+ Kd8 34. Ne5 Ne4 35. Rd1 Rxd1 36. Kxd1 Nf6 37. Ke2 Ke7 38. Ke3 Kd6 39.
Kf4 a6 40. Nxg4 Nd7 1-0

[Event "Ann Arbor Month Long Swiss"]
[Site "Ann Arbor, MI"]
[Date "1997.05.14"]
[Round "2.2"]
[White "King, Billy"]
[Black "Schulte, Michael"]
[Result "0-1"]
[WhiteElo "1409"]
[BlackElo "1532"]
[PlyCount "110"]
[EventDate "1997.05.07"]

1. e4 c6 2. d4 d5 3. Nc3 dxe4 4. Nxe4 Nd7 5. Nf3 Ngf6 6. Ng3 e6 7. Bf4 c5 8.
Qd2 cxd4 9. Bb5 a6 10. Bxd7+ Bxd7 11. O-O Be7 12. Qxd4 Bc6 13. Qxd8+ Rxd8 14.
Ne5 O-O 15. Nxc6 bxc6 16. Rfd1 Nd5 17. Ne2 Bf6 18. c3 Nxf4 19. Nxf4 h6 20. Nd3
Be7 21. Ne5 Rc8 22. Rd7 Bf6 23. Nc4 Rfd8 24. Rad1 Kf8 25. Rxd8+ Rxd8 26. Rxd8+
Bxd8 27. Ne5 c5 28. Nd7+ Ke7 29. Nxc5 a5 30. Kf1 Bb6 31. Nd3 Kd6 32. f4 f6 33.
Ke2 Kd5 34. Kf3 e5 35. fxe5 fxe5 36. Ke2 e4 37. Nc1 h5 38. Nb3 g5 39. Nd2 g4
40. Nf1 Ke5 41. Ne3 Bc7 42. a4 Kd6 43. Nc4+ Kc5 44. b3 Bxh2 45. Nxa5 h4 46. Ke3
h3 47. gxh3 g3 48. b4+ Kb6 49. Nc4+ Kc7 50. b5 g2 51. b6+ Kb7 52. Kxe4 g1=Q 53.
a5 Qe1+ 54. Kd3 Be5 55. Nxe5 Qxe5 0-1

[Event "Ann Arbor Month Long Swiss"]
[Site "Ann Arbor, MI"]
[Date "1997.05.14"]
[Round "2.1"]
[White "Drysdale, Gilbert"]
[Black "King, Edwin"]
[Result "0-1"]
[WhiteElo "1885"]
[BlackElo "1570"]
[PlyCount "56"]
[EventDate "1997.05.07"]

1. c4 Nf6 2. Nc3 e6 3. e4 d5 4. e5 Nfd7 5. d4 dxc4 6. Bxc4 c5 7. Nf3 Nc6 8. O-O
cxd4 9. Nb5 Bc5 10. Bf4 a6 11. Nd6+ Bxd6 12. exd6 Qb6 13. Qe2 O-O 14. Ng5 Nf6
15. Rad1 Bd7 16. Rd2 Rae8 17. Be5 Qc5 18. Bxf6 gxf6 19. Ne4 Qf5 20. Rd3 Ne5 21.
Rxd4 Nxc4 22. Rxc4 Bb5 23. Qg4+ Kh8 24. Nxf6 Bxc4 25. Qxf5 exf5 26. Nxe8 Rxe8
27. d7 Rd8 28. Rc1 Rxd7 0-1

[Event "Ann Arbor Month Long Swiss"]
[Site "Ann Arbor, MI"]
[Date "1997.05.14"]
[Round "2.6"]
[White "Curtis, Dave"]
[Black "McCarter, Robert"]
[Result "0-1"]
[WhiteElo "1149"]
[BlackElo "1657"]
[PlyCount "64"]
[EventDate "1997.05.07"]

1. e4 c5 2. Nc3 Nc6 3. Nf3 d6 4. h3 g6 5. Bb5 Bd7 6. Bxc6 Bxc6 7. d4 cxd4 8.
Nxd4 Bd7 9. Be3 Bg7 10. O-O Nf6 11. Re1 a6 12. Qd2 Qc7 13. Nd5 Nxd5 14. exd5
O-O 15. Rac1 b5 16. Bh6 Rfe8 17. Bxg7 Kxg7 18. Re3 Rac8 19. Rce1 Kf8 20. Qe2
Qd8 21. Rf3 Kg8 22. Qe3 Kg7 23. Qf4 Rf8 24. h4 Rc4 25. c3 h5 26. Rg3 Bg4 27. f3
Bc8 28. Qg5 e5 29. Ne6+ Bxe6 30. dxe6 Qxg5 31. Rxg5 fxe6 32. Kh2 Rff4 0-1

[Event "U.S. Amateur North"]
[Site "Detroit, MI"]
[Date "1997.05.15"]
[Round "4.15"]
[White "Solon, Nathan"]
[Black "Alliston, Richard"]
[Result "1-0"]
[WhiteElo "1769"]
[BlackElo "1510"]
[PlyCount "57"]
[EventDate "1997.05.24"]

1. e4 e5 2. Nf3 d6 3. d4 exd4 4. Nxd4 Nf6 5. Nc3 Bd7 6. Bc4 Nc6 7. O-O Be7 8.
Re1 O-O 9. Bg5 Ne5 10. Bb3 a6 11. a4 Re8 12. h3 Ng6 13. Nf5 Be6 14. Ra3 Bxb3
15. Rxb3 b6 16. Qd4 Ne5 17. Nxe7+ Qxe7 18. Nd5 Qd8 19. Rg3 Ned7 20. Bxf6 Nxf6
21. Nxf6+ Kf8 22. Nxh7+ Ke7 23. Rxg7 Kd7 24. Nf6+ Kc8 25. Nxe8 Qxe8 26. Qd5 Rb8
27. Qxf7 Qc6 28. Qg8+ Kb7 29. Qd5 1-0

[Event "Ann Arbor Month Long Swiss"]
[Site "Ann Arbor, MI"]
[Date "1997.05.21"]
[Round "3.5"]
[White "Smalec, Joseph"]
[Black "King, Billy"]
[Result "0-1"]
[WhiteElo "1077"]
[BlackElo "1409"]
[PlyCount "38"]
[EventDate "1997.05.07"]

1. d4 Nf6 2. c4 g6 3. Nc3 d5 4. Bf4 Bg7 5. Nf3 O-O 6. b3 Na6 7. g3 Bf5 8. a3
Ne4 9. Bd2 Nxd2 10. Qxd2 c6 11. Bg2 Qd7 12. O-O Rad8 13. Qg5 h6 14. Qh4 g5 15.
Qh5 Bg6 16. Qh3 g4 17. Qh4 gxf3 18. Bxf3 dxc4 19. bxc4 Qxd4 0-1

[Event "Ann Arbor Month Long Swiss"]
[Site "Ann Arbor, MI"]
[Date "1997.05.21"]
[Round "3.6"]
[White "Scioly, Tony"]
[Black "Kuczek, Kevin"]
[Result "1-0"]
[WhiteElo "1534"]
[BlackElo "1258"]
[PlyCount "47"]
[EventDate "1997.05.07"]

1. e4 e6 2. d4 d5 3. Nc3 Bb4 4. e5 Bxc3+ 5. bxc3 Ne7 6. Nf3 O-O 7. Bd3 Nd7 8.
Ba3 b6 9. Bxh7+ Kxh7 10. Ng5+ Kg6 11. Qg4 Nxe5 12. dxe5 f5 13. exf6 e5 14. fxe7
Qxe7 15. Bxe7 Bxg4 16. Bxf8 Rxf8 17. h4 e4 18. Rf1 Re8 19. Kd2 Kf5 20. Rae1 Rd8
21. f3 exf3 22. Nxf3 Bxf3 23. Rxf3+ Kg4 24. Re7 1-0

[Event "Ann Arbor Month Long Swiss"]
[Site "Ann Arbor, MI"]
[Date "1997.05.21"]
[Round "3.1"]
[White "Schulte, Michael"]
[Black "King, Kenny"]
[Result "1-0"]
[WhiteElo "1532"]
[BlackElo "1601"]
[PlyCount "63"]
[EventDate "1997.05.07"]

1. d4 Nf6 2. Nf3 g6 3. g3 Bg7 4. Bg2 O-O 5. O-O d6 6. c4 Nbd7 7. Nc3 e5 8. d5
a5 9. Re1 Nc5 10. Qc2 Ne8 11. Bg5 f6 12. Be3 Na6 13. a3 f5 14. Bg5 Nf6 15. e4
h6 16. Bxf6 Qxf6 17. exf5 gxf5 18. Nd2 Bd7 19. Qd1 Nc5 20. Nf1 a4 21. Ne2 f4
22. gxf4 exf4 23. Nc3 f3 24. Bh1 Qf4 25. Re3 Bd4 26. Rxf3 Bxf2+ 27. Kxf2 Qh4+
28. Kg1 Bh3 29. Qe1 Qd4+ 30. Qf2 Nb3 31. Qxd4 Nxd4 32. Rxh3 1-0

[Event "Ann Arbor Month Long Swiss"]
[Site "Ann Arbor, MI"]
[Date "1997.05.21"]
[Round "3.8"]
[White "Pauley, Bill"]
[Black "Curtis, Dave"]
[Result "0-1"]
[WhiteElo "998"]
[BlackElo "1149"]
[PlyCount "62"]
[EventDate "1997.05.07"]

1. c4 Nf6 2. Nc3 e6 3. e4 Nc6 4. Nf3 d6 5. d4 b6 6. Bg5 Be7 7. Qd2 Bb7 8. d5
exd5 9. cxd5 Ne5 10. Be2 h6 11. Bf4 Nxf3+ 12. Bxf3 Nd7 13. Rc1 Nc5 14. Qd4 Bf6
15. e5 Qe7 16. O-O dxe5 17. Bxe5 Bxe5 18. Qe3 O-O-O 19. d6 Bxd6 20. Bxb7+ Kxb7
21. Qf3+ Kb8 22. Nb5 a6 23. Nd4 Bxh2+ 24. Kxh2 Rxd4 25. g3 f6 26. Rfe1 Qd6 27.
Qh5 g5 28. Re8+ Rxe8 29. Qxe8+ Kb7 30. Re1 h5 31. Qxh5 Rh4+ 0-1

[Event "Ann Arbor Month Long Swiss"]
[Site "Ann Arbor, MI"]
[Date "1997.05.21"]
[Round "3.2"]
[White "King, Edwin"]
[Black "Solon, Nathan"]
[Result "0-1"]
[WhiteElo "1570"]
[BlackElo "1848"]
[PlyCount "80"]
[EventDate "1997.05.07"]

1. c4 Nf6 2. Nc3 c5 3. Nf3 Nc6 4. d4 cxd4 5. Nxd4 e6 6. Ndb5 d5 7. cxd5 Nxd5 8.
Nxd5 exd5 9. Qxd5 Bb4+ 10. Bd2 O-O 11. Qxd8 Rxd8 12. Bxb4 Nxb4 13. Na3 Be6 14.
b3 Rac8 15. e3 Nc2+ 16. Nxc2 Rxc2 17. Bc4 Bxc4 18. bxc4 Rdd2 19. O-O g6 20. a4
Rxc4 21. a5 Rb2 22. g3 Rcc2 23. Rab1 b5 24. axb6 axb6 25. Rbd1 b5 26. Rd6 Kf8
27. Rd7 b4 28. Rb7 b3 29. Kg2 h5 30. h4 Rc3 31. Rd1 Rcc2 32. Rf1 Rd2 33. Kf3
Kg7 34. Rb6 Rd3 35. Rc1 Ra2 36. Rf1 b2 37. Rb1 Rd2 38. Rf1 Kf8 39. Rb3 Ke7 40.
e4 Ra1 0-1